LA SIGNIFICACION DE LOS CUERPOS /

TRADUCCION DE: ESSAI SUR LA SIGNIFICATION DU CORPS

Salvato in:
Dettagli Bibliografici
Autore principale: Sarano, Jacques (autor)
Natura: Libro
Serie:BIBLIOTECA EL TEMA DEL HOMBRE
Soggetti:
Tags: Aggiungi Tag
Nessun Tag, puoi essere il primo ad aggiungerne!!

MARC

LEADER 00000nam^a2200000^a^4500
001 000243358
005 20250521000000.0
009 20260310105334.959
035 |a 066264 
037 |a Acervo Xavier Clavigero 
082 |a 128. 1  |b SAR 
100 |a Sarano, Jacques  |e (autor) 
245 1 3 |a LA SIGNIFICACION DE LOS CUERPOS /  |c JACQUES SARANO ; TR. GUILLERMO ORCE REMIS 
264 |a BUENOS AIRES :  |b TROQUEL,  |c 1967 
300 |a 229 p. 
336 |a texto  |b txt  |2 rdacontenido 
337 |a sin mediación  |b n  |2 rdamedio 
338 |a volumen  |b nc  |2 rdasoporte 
440 |a BIBLIOTECA EL TEMA DEL HOMBRE 
520 |a TRADUCCION DE: ESSAI SUR LA SIGNIFICATION DU CORPS 
649 |a XX 
650 |a Alma y Cuerpo 
910 |a Fondo General 
920 |a Impresos - Libros 
930 |a Colección General 
905 |a 101 
901 |a 066264  |b IT1  |c ACC  |i 066264  |u 20250521 
902 |a https://opac.biblio.iteso.mx/vufind/Record/000243358